<?xml version="1.0" encoding="UTF-8"?>
<record
    xmlns:xsi="http://www.w3.org/2001/XMLSchema-instance"
    xsi:schemaLocation="http://www.loc.gov/MARC21/slim http://www.loc.gov/standards/marcxml/schema/MARC21slim.xsd"
    xmlns="http://www.loc.gov/MARC21/slim">

  <leader>01292nam a22002777a 4500</leader>
  <controlfield tag="005">20170124103204.0</controlfield>
  <datafield tag="010" ind1=" " ind2=" ">
    <subfield code="a">A-523179</subfield>
  </datafield>
  <datafield tag="020" ind1=" " ind2=" ">
    <subfield code="c">00.00</subfield>
  </datafield>
  <datafield tag="035" ind1=" " ind2=" ">
    <subfield code="a">A-523179</subfield>
  </datafield>
  <datafield tag="037" ind1=" " ind2=" ">
    <subfield code="b">Cen Lib/Ret</subfield>
  </datafield>
  <datafield tag="040" ind1=" " ind2=" ">
    <subfield code="a">DPL</subfield>
    <subfield code="b">HN</subfield>
  </datafield>
  <datafield tag="082" ind1=" " ind2=" ">
    <subfield code="a">330</subfield>
    <subfield code="b">&#x92E;&#x93F;&#x936;&#x94D;&#x930;&#x90F; </subfield>
  </datafield>
  <datafield tag="100" ind1=" " ind2=" ">
    <subfield code="a">&#x92E;&#x93F;&#x936;&#x94D;&#x930;, &#x90F;&#x938;.&#x915;&#x947;.</subfield>
    <subfield code="9">92990</subfield>
  </datafield>
  <datafield tag="245" ind1=" " ind2=" ">
    <subfield code="a">&#x92D;&#x93E;&#x930;&#x924;&#x940;&#x92F; &#x905;&#x930;&#x94D;&#x925;&#x935;&#x94D;&#x92F;&#x935;&#x938;&#x94D;&#x925;&#x93E; /</subfield>
    <subfield code="c">&#x90F;&#x938;.&#x915;&#x947;.&#x92E;&#x93F;&#x936;&#x94D;&#x930; [&#x914;&#x930;] &#x935;&#x940;.&#x915;&#x947;.&#x92A;&#x941;&#x930;&#x940; </subfield>
  </datafield>
  <datafield tag="246" ind1=" " ind2=" ">
    <subfield code="a">Bharteey arthvyavstha /</subfield>
    <subfield code="b">by S.K.Mishra [aur] V.K.Puri</subfield>
  </datafield>
  <datafield tag="250" ind1=" " ind2=" ">
    <subfield code="a">&#x924;&#x940;&#x938;&#x930;&#x93E; &#x938;&#x902;&#x938;&#x94D;&#x915;&#x930;&#x923; </subfield>
  </datafield>
  <datafield tag="260" ind1=" " ind2=" ">
    <subfield code="a">&#x92C;&#x92E;&#x94D;&#x92C;&#x908; </subfield>
    <subfield code="b">&#x939;&#x93F;&#x92E;&#x93E;&#x932;&#x92F;&#x93E; &#x92A;&#x92C;&#x94D;&#x932;&#x93F;&#x936;&#x93F;&#x902;&#x917; &#x939;&#x93E;&#x909;&#x938; </subfield>
    <subfield code="c">1991</subfield>
  </datafield>
  <datafield tag="270" ind1=" " ind2=" ">
    <subfield code="a">"&#x930;&#x93E;&#x92E;&#x926;&#x942;&#x924;" &#x921;&#x949;.&#x92D;&#x93E;&#x932;&#x947;&#x930;&#x93E;&#x935; &#x92E;&#x93E;&#x930;&#x94D;&#x917;, &#x917;&#x93F;&#x930;&#x917;&#x93E;&#x901;&#x935;(&#x915;&#x947;&#x932;&#x947;&#x935;&#x93E;&#x921;&#x940;)</subfield>
    <subfield code="b">&#x92C;&#x92E;&#x94D;&#x92C;&#x908; </subfield>
    <subfield code="e">400 004</subfield>
  </datafield>
  <datafield tag="300" ind1=" " ind2=" ">
    <subfield code="a">xvi,980&#x92A;&#x943;. </subfield>
    <subfield code="c">20&#x938;&#x947;&#x92E;&#x940;(&#x938;&#x91C;&#x93F;&#x932;&#x94D;&#x926;)</subfield>
  </datafield>
  <datafield tag="650" ind1=" " ind2=" ">
    <subfield code="a">&#x906;&#x930;&#x94D;&#x925;&#x93F;&#x915; &#x935;&#x93F;&#x915;&#x93E;&#x938; -- &#x92D;&#x93E;&#x930;&#x924; </subfield>
    <subfield code="9">92991</subfield>
  </datafield>
  <datafield tag="650" ind1=" " ind2=" ">
    <subfield code="a">&#x906;&#x930;&#x94D;&#x925;&#x93F;&#x915; &#x935;&#x93F;&#x915;&#x93E;&#x938; -- &#x91C;&#x928;&#x938;&#x902;&#x916;&#x94D;&#x92F;&#x93E; </subfield>
    <subfield code="9">780</subfield>
  </datafield>
  <datafield tag="650" ind1=" " ind2=" ">
    <subfield code="a">Economic development - India</subfield>
    <subfield code="9">92992</subfield>
  </datafield>
  <datafield tag="650" ind1=" " ind2=" ">
    <subfield code="a">Economic Development - Population</subfield>
    <subfield code="9">92993</subfield>
  </datafield>
  <datafield tag="700" ind1=" " ind2=" ">
    <subfield code="a">&#x92A;&#x941;&#x930;&#x940;, &#x935;&#x940;.&#x915;&#x947;.</subfield>
    <subfield code="9">73</subfield>
  </datafield>
  <datafield tag="942" ind1=" " ind2=" ">
    <subfield code="2">ddc</subfield>
    <subfield code="c">HN</subfield>
    <subfield code="h">330</subfield>
    <subfield code="m">&#x92E;&#x93F;&#x936;&#x94D;&#x930;&#x90F; </subfield>
  </datafield>
  <datafield tag="999" ind1=" " ind2=" ">
    <subfield code="c">120853</subfield>
    <subfield code="d">120853</subfield>
  </datafield>
  <datafield tag="952" ind1=" " ind2=" ">
    <subfield code="0">0</subfield>
    <subfield code="1">0</subfield>
    <subfield code="4">0</subfield>
    <subfield code="7">0</subfield>
    <subfield code="a">L</subfield>
    <subfield code="b">L</subfield>
    <subfield code="d">2015-09-29</subfield>
    <subfield code="e">Cen Lib/Ret</subfield>
    <subfield code="g">0.00</subfield>
    <subfield code="l">0</subfield>
    <subfield code="o">330 &#x92E;&#x93F;&#x936;&#x94D;&#x930;&#x90F;</subfield>
    <subfield code="p">A-523179</subfield>
    <subfield code="r">2015-09-29 00:00:00</subfield>
    <subfield code="t">1</subfield>
    <subfield code="v">0.00</subfield>
    <subfield code="w">2015-09-29</subfield>
    <subfield code="y">HN</subfield>
  </datafield>
</record>
